Zgadnij kraj po jego sąsiadach. - Statystyki

Ogólne statystyki
  • Ten quiz został rozwiązany 182 razy
  • Średni wynik to 7 z 10
Statystyki odpowiedzi
Hint Odpowiedź % Poprawnych
Azerbejdżan, Gruzja, Iran, Turcja Armenia
82%
Argentyna, Brazylia Urugwaj
82%
Albania, Macedonia Północna, Bułgaria Grecja
79%
Wenezuela, Surinam, Brazylia Gujana
78%
Nepal, Pakistan, Chiny, Bangladesz, Bhutan, Mjanma Indie
78%
Tajlandia, Wietnam, Laos Kambodża
73%
Libia, Sudan, Niger, Nigeria, Kamerun, Republika Środkowo Afrykańska Czad
69%
Senegal Gambia
69%
Gwatemala, Nikaragua, Salwador Honduras
66%
Togo, Burkina Faso, Wybrzeże Kości Słoniowej Ghana
59%
Nie znaleziono quizów pasujących do podanych kryteriów
Rozkład punktacji
Procent ludzi z każdym wynikiem
Percentyl według liczby udzielonych odpowiedzi
Twoja historia wyników
Nie rozwiązałeś tego quizu